| 000 | 00561nam a2200193 a 4500 | ||
|---|---|---|---|
| 001 | 7576 | ||
| 005 | 20180713191455.0 | ||
| 008 | 140415s1992 mx 000 0 spa d | ||
| 020 | _a9681816277 | ||
| 041 | _aspa | ||
| 082 |
_a624.1771 _bDOW |
||
| 100 | 1 | _aDOWRICK, D. J. | |
| 245 | 1 | 0 |
_aDISEÑO DE ESTRUCTURAS RESISTENTES A SISMOS : _bPARA INGENIEROS Y ARQUITECTOS |
| 250 | _a1a ed. | ||
| 260 |
_aMEXICO : _bLIMUSA, _c1992 |
||
| 300 | _a410 | ||
| 650 | 1 | 4 |
_aDISEO DE ESTRUCTURAS _xRESISTENCIA DE MATERIALES |
| 700 | 1 |
_aCLOUGH, RAY W. _epról. |
|
| 999 |
_c7576 _d7576 |
||